Joueurs français en NHL - Statistiques

Statistiques générales
  • Ce quiz a été pris 44 fois
  • Le résultat moyen est 3 sur 13
Statistiques - réponses
Années Joueur % Correct
Depuis 2019 Alexandre Texier
81%
Depuis 2014 Pierre-Edouard Bellemare
62%
2003-2010 Cristobal Huet
54%
2013-2022 Antoine Roussel
51%
1992-1994 Philippe Bozon
27%
2011-2014 Stéphane Da Costa
27%
Depuis 2024 Pierrick Dubé
22%
2016-2018 Yohann Auvitu
16%
1974 André Peloffy
3%
1980-1983 Michel Galarneau*
0%
1980 Patrick Daley
0%
1973-1976 Paulin Bordeleau*
0%
1996-2002 Sébastien Bordeleau
0%
Aucun quiz correspondant
Distribution des résultats
% des personnes avec chaque résultat
Percentile par nombre de réponses
Votre historique - résultats
Vous n’avez pas pris ce quiz